Odi et amo

Podrobná bibliografia
Hlavný autor: Haugová, Mila, 1942- (Autor)
Médium: Článok
Jazyk:slovenčina
Predmet:

MARC

LEADER 00000nab a2200000 a 4500
001 vtls000304044
003 SK-MaSNL
005 20260302214605.0
008 131118c1988 xo 0 slo
015 |a SNBRB19rr/mm-uuuuu 
035 |a CL0314163 
040 |a SNKBUCL  |b slo  |c SNKBUCL  |e AACR2 
041 0 |a slo 
044 |a xo  |c SK 
080 |a 885.4-1  |2 1981 
100 1 |a Haugová, Mila,  |d 1942-  |4 aut  |9 90543 
245 1 0 |a Odi et amo  |c Mila Haugová 
650 0 7 |a básne ľúbostné  |2 snkbucl  |9 899410 
655 7 |a články z novín a časopisov  |2 snkbucl  |9 267496 
655 7 |a články z odboru literárna veda a krásna literatúra  |2 snkbucl  |9 770045 
773 0 |t Romboid  |g Č. 1 (1988), s. 27 
850 |a Slovenská národná knižnica v Martine  |a MTA001 
852 |a SNK  |b KIS3GCP 
958 |a RK 
958 |a LX 
992 |a RBX 
999 |c 1498693  |d 1500623